WalMart Quiz - Statistics

General Stats
  • This quiz has been taken 71 times
  • The average score is 4 of 15
Answer Stats
Hint Answer % Correct
Wal-Marts Founder Sam Walton
80%
Wal-Marts Company Rival Target
65%
Where The First Ever Wal-Mart Is Located Arkansas
61%
Where The Wal-Mart Museum Is Located Arkansas
61%
Wal-Marts Subsidiary Sams Club
59%
Woman Who Is Married To Bill Clinton Who Used To Work At Wal-Mart Hillary Clinton
48%
How Many Different Countries That Have At Least One Wal-Mart 28
15%
The Most Purchased Item Bananas
13%
What Percentage Of Americans Shop At Wal-Mart 78
11%
About How Much Profit Wal-Mart Recieves Per Hour 1.8 Million
9%
About How Many Employees Wal-Mart Has 2.3 Million
6%
Famous Comedian Who Worked At Wal-Mart Gabriel Iglesias
6%
The Exact Number Of Wal-Mart Stores There Are In The World 11,530
4%
About How Many People Shop At Wal-Mart Per Week 260 Million
4%
How Many Times Wal-Mart Was Sued In 2000 4,851
4%
No matching quizzes found
Score Distribution
Percent of People with Each Score
Percentile by Number Answered
Your Score History
You have not taken this quiz